| 000 | 01198 am a2200313 a 4500 | ||
|---|---|---|---|
| 005 | 20240618132828.0 | ||
| 008 | 100804s2002||||ag a f |||| 001 0 spa d | ||
| 020 | _a9500604272 | ||
| 041 | _aspa | ||
| 092 |
_c618 _l13 _sCOP |
||
| 100 | 1 |
_aCopeland, Larry J. _91004 |
|
| 245 |
_aGinecología / _cLarry J. Copeland. |
||
| 250 |
_a2a ed. _bTraducción Mario Dvorkin ; Jorge Frydman ; Carolina Herr ; Marisa Maiocchi ; Nora Meeroff ; Marta Papponetti ; Ubaldo Patrone ; Silvia Rondinone ; Hugo E. Silva y Karina Tzal |
||
| 260 |
_aBuenos Aires: _bEditorial Médica Panamericana; _c2002. |
||
| 300 | _a1658 p. | ||
| 500 | _aCopeland, L. J. y Jarrell, J. F. (Ed.). (2002). Ginecología. (2a ed.). Buenos Aires : Editorial Médica Panamericana. | ||
| 653 | _aFundación científica de ginecología | ||
| 653 | _aReproducción | ||
| 653 | _aGinecología general | ||
| 653 | _aInfecciones ginecológicas | ||
| 653 | _aCirugía ginecológica | ||
| 653 | _aProblemas uroginecológicas y de sostén del piso pelviano | ||
| 653 | _aEnfermedades mamarias | ||
| 653 | _aOncología | ||
| 700 | 1 |
_aJarrell, John F, _eEd. asociado _91005 |
|
| 930 | _a1191 | ||
| 930 | _a1190 | ||
| 942 |
_2ddc _cBK |
||
| 999 |
_c528 _d528 |
||